[Event "SM-2013-0-00275"]
[Site "LSS email"]
[Date "2013.10.24"]
[Round "?"]
[White "Liamtsau, Valery"]
[Black "Fuzishawa, Richard Mitsuo"]
[Result "1/2-1/2"]
[WhiteElo "2208"]
[BlackElo "2160"]
[PlyCount "40"]
[EventDate "2013.09.23"]
[EventType "tourn (corr)"]
[EventRounds "6"]
[EventCountry "GER"]
[SourceTitle "Telechess CBM 167"]
[Source "ChessBase"]
[SourceDate "2015.07.13"]
[SourceVersion "1"]
[SourceVersionDate "2015.07.13"]
[SourceQuality "1"]

1. d4 Nf6 2. c4 e6 3. Nf3 d5 4. Nc3 Be7 5. cxd5 exd5 6. Bf4 0-0 7. e3 Nh5 8. Be5 f6 9. Bg3 Nxg3 10. hxg3 c6 11. Bd3 g6 12. Qc2 Rf7 13. Rh2 Rg7 14. 0-0-0 Na6 15. a3 b5 16. Rdh1 Qd6 17. Nh4 f5 18. Nxg6 hxg6 19. g4 Kf7 20. gxf5 Bxf5 1/2-1/2

[Event "SM-2013-0-00275"]
[Site "LSS email"]
[Date "2013.10.24"]
[Round "?"]
[White "Liamtsau, Valery"]
[Black "Steinke, Ruediger"]
[Result "1/2-1/2"]
[WhiteElo "2208"]
[BlackElo "2253"]
[PlyCount "33"]
[EventDate "2013.09.23"]
[EventType "tourn (corr)"]
[EventRounds "6"]
[EventCountry "GER"]
[SourceTitle "Telechess CBM 167"]
[Source "ChessBase"]
[SourceDate "2015.07.13"]
[SourceVersion "1"]
[SourceVersionDate "2015.07.13"]
[SourceQuality "1"]

1. d4 Nf6 2. c4 e6 3. Nf3 b6 4. a3 Bb7 5. Nc3 d5 6. Bg5 Be7 7. cxd5 Nxd5 8. Nxd5 Bxd5 9. Bxe7 Qxe7 10. e3 0-0 11. Rc1 Rc8 12. Be2 c5 13. dxc5 Rxc5 14. Rxc5 Qxc5 15. 0-0 Nc6 16. b4 Qc3 17. Qc1 1/2-1/2

[Event "RM-2013-0-00127"]
[Site "LSS email"]
[Date "2013.08.29"]
[Round "?"]
[White "Vesely, Emanuel"]
[Black "Liamtsau, Valery"]
[Result "1/2-1/2"]
[WhiteElo "2228"]
[BlackElo "2195"]
[PlyCount "80"]
[EventDate "2013.07.05"]
[EventType "tourn (corr)"]
[EventRounds "6"]
[EventCountry "GER"]
[SourceTitle "Telechess CBM 163"]
[Source "ChessBase"]
[SourceDate "2014.11.11"]
[SourceVersion "2"]
[SourceVersionDate "2014.11.11"]
[SourceQuality "1"]

1. e4 e6 2. d4 d5 3. Nc3 Nf6 4. e5 Nfd7 5. f4 c5 6. Nf3 a6 7. Be3 Nc6 8. Qd2 Be7 9. Be2 0-0 10. 0-0 b5 11. Nd1 b4 12. Rc1 c4 13. b3 Nb6 14. Bf2 Na7 15. Ne3 Nb5 16. bxc4 dxc4 17. Nxc4 Nd5 18. Bd3 Bb7 19. Ra1 Rc8 20. Ng5 g6 21. Ne4 Ndc3 22. Nxc3 Nxc3 23. a3 a5 24. axb4 Bxb4 25. Nd6 Ne4 26. Qe3 Nxd6 27. exd6 Qxd6 28. c4 Qc6 29. Qg3 Bd2 30. f5 exf5 31. d5 Qf6 32. Ra2 Bb4 33. Qf4 Ba6 34. Rc1 Rfe8 35. g3 Qe7 36. Re2 Qf8 37. Rxe8 Rxe8 38. Qd4 Rc8 39. Qa7 Ra8 40. Qd4 Rc8 1/2-1/2

[Event "RM-2013-0-00127"]
[Site "LSS email"]
[Date "2013.08.09"]
[Round "?"]
[White "Liamtsau, Valery"]
[Black "Zavrazhnov, Andrey Anatolievich"]
[Result "1/2-1/2"]
[WhiteElo "2195"]
[BlackElo "2175"]
[PlyCount "121"]
[EventDate "2013.07.05"]
[EventType "tourn (corr)"]
[EventRounds "6"]
[EventCountry "GER"]
[SourceTitle "Telechess CBM 163"]
[Source "ChessBase"]
[SourceDate "2014.11.11"]
[SourceVersion "2"]
[SourceVersionDate "2014.11.11"]
[SourceQuality "1"]

1. d4 Nf6 2. c4 g6 3. Nc3 Bg7 4. e4 d6 5. Nf3 0-0 6. Be2 e5 7. 0-0 Nc6 8. d5 Ne7 9. Ne1 Nd7 10. Nd3 f5 11. f3 Nf6 12. Be3 f4 13. Bf2 g5 14. c5 Ng6 15. Rc1 Rf7 16. Kh1 Bf8 17. a4 h5 18. a5 g4 19. a6 g3 20. axb7 Bxb7 21. hxg3 fxg3 22. Bxg3 h4 23. Be1 Nh5 24. Rg1 Ng3+ 25. Kh2 Bc8 26. Bd2 Rh7 27. Bf1 Qf6 28. Ne2 dxc5 29. Qe1 Rb8 30. Rc2 Bd6 31. Nxc5 Kh8 32. b4 a5 33. bxa5 h3 34. Qxg3 hxg2+ 35. Kxg2 Rh3 36. Kf2 Rxg3 37. Nxg3 Bg4 38. Rh1+ Kg8 39. Be2 Nf4 40. Nf5 Bxf5 41. exf5 Rb1 42. Ne4 Qg7 43. Bxf4 Rxh1 44. Rc1 Qh8 45. Rxh1 Qxh1 46. Bd2 Ba3 47. a6 Qh2+ 48. Kf1 Bb2 49. Bc4 Qh1+ 50. Kf2 Bd4+ 51. Kg3 Qg1+ 52. Kh3 Kh7 53. d6 cxd6 54. f6 Qh1+ 55. Kg3 Bg1 56. Bd5 Qh2+ 57. Kg4 Qg2+ 58. Kh4 Kg6 59. f7 Qxf3 60. Ng3 Qf6+ 61. Kh3 1/2-1/2

[Event "ZH-2013-0-01070"]
[Site "LSS email"]
[Date "2013.06.03"]
[Round "?"]
[White "Liamtsau, Valery"]
[Black "Silva Filho, Alcindo Luz Bastos"]
[Result "1/2-1/2"]
[WhiteElo "2184"]
[BlackElo "2047"]
[PlyCount "35"]
[EventDate "2013.05.26"]
[EventType "match (corr)"]
[EventRounds "2"]
[EventCountry "GER"]
[SourceTitle "Corr 2015"]
[Source "ChessBase"]
[SourceDate "2015.07.17"]
[SourceVersion "1"]
[SourceVersionDate "2015.07.17"]
[SourceQuality "1"]

1. d4 Nf6 2. Nf3 e6 3. c4 d5 4. Nc3 c6 5. Bg5 dxc4 6. a4 Bb4 7. e4 c5 8. Bxc4 cxd4 9. Bb5+ Nc6 10. Nxd4 Bd7 11. Nxc6 bxc6 12. Bc4 h6 13. Bh4 Qe7 14. Rc1 e5 15. 0-0 Rd8 16. Qc2 0-0 17. Nd1 Bc8 18. f3 1/2-1/2

[Event "ZH-2013-0-01056"]
[Site "LSS email"]
[Date "2013.05.23"]
[Round "?"]
[White "Liamtsau, Valery"]
[Black "Osipov, Anatoly Vladimirovi"]
[Result "1/2-1/2"]
[WhiteElo "2184"]
[BlackElo "2129"]
[PlyCount "43"]
[EventDate "2013.05.20"]
[EventType "match (corr)"]
[EventRounds "2"]
[EventCountry "GER"]
[SourceTitle "Telechess CBM 161"]
[Source "ChessBase"]
[SourceDate "2014.07.16"]
[SourceVersion "1"]
[SourceVersionDate "2014.07.16"]
[SourceQuality "1"]

1. d4 Nf6 2. c4 e6 3. g3 c5 4. Nf3 cxd4 5. Nxd4 d5 6. Bg2 e5 7. Nf3 d4 8. 0-0 Nc6 9. e3 Be7 10. exd4 exd4 11. Bf4 0-0 12. Ne5 Qb6 13. Qb3 Na5 14. Qxb6 axb6 15. Nd2 Nh5 16. Nb3 Nxf4 17. gxf4 Rd8 18. Bd5 Be6 19. Bxe6 fxe6 20. Rad1 Nc6 21. Nc1 Bf6 22. Ned3 1/2-1/2

[Event "ZH-2013-0-01054"]
[Site "LSS email"]
[Date "2013.05.22"]
[Round "?"]
[White "Dehaybe, Andre"]
[Black "Liamtsau, Valery"]
[Result "1/2-1/2"]
[WhiteElo "2160"]
[BlackElo "2184"]
[PlyCount "21"]
[EventDate "2013.05.18"]
[EventType "match (corr)"]
[EventRounds "2"]
[EventCountry "GER"]
[SourceTitle "Corr 2015"]
[Source "ChessBase"]
[SourceDate "2015.07.17"]
[SourceVersion "1"]
[SourceVersionDate "2015.07.17"]
[SourceQuality "1"]

1. d4 d5 2. c4 c6 3. Nf3 Nf6 4. e3 Bg4 5. h3 Bh5 6. Nc3 e6 7. Bd3 Nbd7 8. cxd5 cxd5 9. 0-0 Bd6 10. e4 dxe4 11. Nxe4 1/2-1/2

[Event "ZH-2013-0-01050"]
[Site "LSS email"]
[Date "2013.05.19"]
[Round "?"]
[White "Liamtsau, Valery"]
[Black "Sciarretta, Robert W"]
[Result "1/2-1/2"]
[WhiteElo "2184"]
[BlackElo "2190"]
[PlyCount "33"]
[EventDate "2013.05.11"]
[EventType "match (corr)"]
[EventRounds "2"]
[EventCountry "GER"]
[SourceTitle "Corr 2015"]
[Source "ChessBase"]
[SourceDate "2015.07.17"]
[SourceVersion "1"]
[SourceVersionDate "2015.07.17"]
[SourceQuality "1"]

1. Nf3 Nf6 2. d4 e6 3. c4 b6 4. a3 Ba6 5. Qc2 Bb7 6. Nc3 c5 7. dxc5 bxc5 8. Bf4 Nh5 9. Bg5 Be7 10. Bxe7 Qxe7 11. e3 0-0 12. Be2 Nc6 13. 0-0 Nf6 14. Qa4 Rab8 15. Rfd1 Ba8 16. Rd2 Rb6 17. Rb1 1/2-1/2